书目信息 |
| 题名: |
实用进出口单证
|
|
| 作者: | 郑淑媛 , 邹建华 主编 | |
| 分册: | ||
| 出版信息: | 北京 电子工业出版社 2005.2 |
|
| 页数: | 342页 | |
| 开本: | 26cm | |
| 丛书名: | 高等学校商务英语系列教材 | |
| 单 册: | ||
| 中图分类: | H31:F | |
| 科图分类: | ||
| 主题词: | 进出口贸易--jin chu kou mao yi--原始凭证--英语--高等学校--教材 , 进出口贸易--jin chu kou mao yi , 原始凭证--yuan shi ping zheng , 英语--ying yu | |
| 电子资源: | ||
| ISBN: | 7-121-00844-0 | |
| 000 | 01175nam0 2200313 45 | |
| 001 | 012005000794 | |
| 005 | 20050414101010.0 | |
| 010 | @a7-121-00844-0@dCNY29.00 | |
| 100 | @a20050414d2005 em y0chiy0121 ea | |
| 101 | 0 | @achi@aeng |
| 102 | @aCN@b110000 | |
| 105 | @ay z 000yy | |
| 200 | 1 | @a实用进出口单证@Ashi yong jin chu kou dan zheng@f郑淑媛,邹建华主编 |
| 210 | @a北京@c电子工业出版社@d2005.2 | |
| 215 | @a342页@d26cm | |
| 225 | 2 | @a高等学校商务英语系列教材@Agao deng xue xiao shang wu ying yu xi lie jiao cai@f余富斌总主编 |
| 330 | @a本书不仅包括外贸单证人员经常使用的各种进出口单证,而且设置了大量的单证制作模拟实例与实训练习。 | |
| 333 | @a阅读对象:高等学校商务英语专业及经贸专业的学生 | |
| 461 | 0 | @12001 @a高等学校商务英语系列教材 |
| 540 | 1 | @a进出口单证@Ajin chu kou dan zheng |
| 606 | 0 | @a进出口贸易@Ajin chu kou mao yi@x原始凭证@x英语@x高等学校@j教材 |
| 606 | 0 | @a进出口贸易@Ajin chu kou mao yi |
| 606 | 0 | @a原始凭证@Ayuan shi ping zheng |
| 606 | 0 | @a英语@Aying yu |
| 690 | @aH31:F@v4 | |
| 701 | 0 | @a郑淑媛@Azheng shu yuan@4主编 |
| 701 | 0 | @a邹建华@Azou jian hua@4主编 |
| 801 | 0 | @aCN@bSRXX@c20050414 |
| 905 | @a10447@dH31:F@eZ445 | |
| 实用进出口单证/郑淑媛,邹建华主编.-北京:电子工业出版社,2005.2 |
| 342页;26cm.-(高等学校商务英语系列教材/余富斌总主编) |
| 使用对象:阅读对象:高等学校商务英语专业及经贸专业的学生 |
| ISBN 7-121-00844-0:CNY29.00 |
| 本书不仅包括外贸单证人员经常使用的各种进出口单证,而且设置了大量的单证制作模拟实例与实训练习。 |
| ● |
| 相关链接 |
|
|
|
正题名:实用进出口单证
索取号:H31:F/Z445
 
预约/预借
| 序号 | 登录号 | 条形码 | 馆藏地/架位号 | 状态 | 备注 |
| 1 | 542847 | 205428474 | 语言库209/209语言库 92排2列3层/ [索取号:H31:F/Z445] | 在馆 | |
| 2 | 542848 | 205428483 | 语言库209/209语言库 92排2列3层/ [索取号:H31:F/Z445] | 在馆 | |
| 3 | 542849 | 205428492 | 语言库209/209语言库 92排2列3层/ [索取号:H31:F/Z445] | 在馆 |